[Event "Ì13Ï"]
[Site "Loo"]
[Date "2017.04.27"]
[Round "8.30"]
[White "Êîñòåíêî, Êèðèëë."]
[Black "Ëèëÿê, Àðñåíèé."]
[Result "1-0"]
[WhiteElo "1589"]
[BlackElo "1349"]
[PlyCount "101"]
[EventDate "2017.04.20"]

1. d4 Nf6 2. c4 g6 3. Nc3 Bg7 4. e4 d6 5. f3 O-O 6. Nge2 e5 7. Be3 exd4 8. Nxd4
Nc6 9. Qd2 Nxd4 10. Bxd4 Ne8 11. O-O-O f5 12. Bxg7 Nxg7 13. e5 Be6 14. exd6
cxd6 15. Qxd6 Qh4 16. g3 Qh5 17. Be2 Rad8 18. Qf4 Qh3 19. Rxd8 Rxd8 20. Bf1 Qh5
21. Nd5 Bxd5 22. cxd5 g5 23. Qe3 Qf7 24. b3 Rc8+ 25. Kb1 Kh8 26. Bc4 b5 27.
Bxb5 Qxd5 28. Bc4 Qb7 29. Rd1 Re8 30. Qd3 a5 31. Qd5 Qb4 32. Kb2 Qb6 33. Qd4
Qb7 34. Qd5 Qb6 35. Rd2 Qf6+ 36. Qd4 Qc6 37. f4 g4 38. Qc3 Qb6 39. Rd5 Qf2+ 40.
Qd2 Qxd2+ 41. Rxd2 Rb8 42. Ka3 Ne8 43. Rd5 a4 44. b4 Rc8 45. Rc5 Rd8 46. Kxa4
Rd2 47. Rc8 Kg7 48. Rxe8 Rxh2 49. b5 Rb2 50. Bb3 Kf6 51. b6 1-0

[Event "Ì13Ï"]
[Site "Loo"]
[Date "2017.04.27"]
[Round "8.31"]
[White "Êèðþøèí, Èâàí."]
[Black "Ãàëêèí, Ëåîíèä."]
[Result "1-0"]
[WhiteElo "1640"]
[BlackElo "1525"]
[PlyCount "41"]
[EventDate "2017.04.20"]

1. e4 c5 2. Nf3 e6 3. d4 cxd4 4. Nxd4 Nf6 5. Nc3 Nc6 6. Ndb5 Bc5 7. Nd6+ Ke7 8.
Bf4 e5 9. Nf5+ Kf8 10. Bg5 Bb4 11. Bc4 d6 12. O-O Bxf5 13. Bxf6 Qxf6 14. Nd5
Qd8 15. exf5 Bc5 16. Qh5 Qd7 17. f6 g6 18. Qh6+ Ke8 19. a4 Nb4 20. Nxb4 Bxb4
21. Bb5 1-0

[Event "Ì13Ï"]
[Site "Loo"]
[Date "2017.04.27"]
[Round "8.32"]
[White "Ñàâèöêèé, Êèðèëë."]
[Black "Äîáøèíîâ, Âëàä."]
[Result "0-1"]
[WhiteElo "1508"]
[BlackElo "1602"]
[PlyCount "74"]
[EventDate "2017.04.20"]

1. e4 c5 2. f4 e6 3. Nf3 d5 4. exd5 exd5 5. Bb5+ Bd7 6. Bxd7+ Nxd7 7. O-O Ngf6
8. d4 cxd4 9. Nxd4 Bc5 10. b3 Qb6 11. Bb2 Ne4 12. a3 Nb8 13. b4 Nc6 14. bxc5
Qxb2 15. Nxc6 bxc6 16. Nd2 Qd4+ 17. Kh1 Qxd2 18. Qg4 Nf2+ 19. Rxf2 Qxf2 20.
Qxg7 O-O-O 21. Qc3 Rhg8 22. g3 Qe2 23. Rb1 Rde8 24. Qb2 Qb5 25. Qa1 Qxc5 26.
Qb2 Qb5 27. Qa1 Qa5 28. c3 Re2 29. Rc1 Rge8 30. Qb1 R8e4 31. Qd3 Qb5 32. c4 Qc5
33. Qc3 d4 34. Qd3 Qh5 35. h4 Re1+ 36. Rxe1 Rxe1+ 37. Kg2 Qe2+ 0-1

[Event "Ì13Ï"]
[Site "Loo"]
[Date "2017.04.27"]
[Round "8.33"]
[White "Ùåòêèí, Êèðèëë."]
[Black "Áóñûãèí, Êèðèëë."]
[Result "1/2-1/2"]
[WhiteElo "1594"]
[BlackElo "1468"]
[PlyCount "100"]
[EventDate "2017.04.20"]

1. e4 e5 2. Nf3 Nf6 3. Nc3 Bb4 4. Bc4 d6 5. O-O Bg4 6. d3 h6 7. Nd5 Nxd5 8.
Bxd5 c6 9. Bb3 O-O 10. c3 Bc5 11. Be3 Nd7 12. Qe2 Kh8 13. d4 Bb6 14. h3 Bh5 15.
g4 Bg6 16. dxe5 Nxe5 17. Nxe5 dxe5 18. f3 Qe7 19. Bxb6 axb6 20. Kg2 Rad8 21.
Rad1 f6 22. Rxd8 Rxd8 23. Rd1 Rd6 24. Rxd6 Qxd6 25. Qd1 Qxd1 26. Bxd1 Bf7 27.
b3 Kg8 28. Kg3 Bg6 29. Bc2 Kf7 30. f4 exf4+ 31. Kxf4 Ke6 32. h4 Bf7 33. Bd3 g5+
34. hxg5 fxg5+ 35. Ke3 Ke5 36. Be2 b5 37. Bd1 Bg6 38. Bf3 b6 39. b4 Bf7 40. a3
Bb3 41. Be2 Bc2 42. Bf3 c5 43. Be2 Bxe4 44. Bxb5 Bg6 45. a4 Kd6 46. Be2 Be8 47.
a5 cxb4 48. cxb4 bxa5 49. bxa5 Kc5 50. Ke4 Bd7 1/2-1/2

[Event "Ì13Ï"]
[Site "Loo"]
[Date "2017.04.27"]
[Round "8.34"]
[White "Ïëîòíèêîâ, Äàíèèë."]
[Black "Õàíèí, Ìèõàèë."]
[Result "0-1"]
[WhiteElo "1472"]
[BlackElo "1589"]
[PlyCount "120"]
[EventDate "2017.04.20"]

1. d4 d5 2. c4 e6 3. Nc3 Nf6 4. cxd5 exd5 5. Bf4 c6 6. h3 Bd6 7. Bxd6 Qxd6 8.
e3 Bf5 9. Bd3 Bxd3 10. Qxd3 O-O 11. Nf3 Nbd7 12. O-O Rae8 13. Rab1 Ne4 14. b4
f5 15. b5 Rf6 16. bxc6 bxc6 17. Rb7 g5 18. Nh2 Rh6 19. Nxe4 dxe4 20. Qe2 Re7
21. Qc4+ Kh8 22. Qc3 Rg7 23. Rxa7 g4 24. Ra8+ Nf8 25. Qc5 Qxc5 26. dxc5 Rg8 27.
hxg4 fxg4 28. Nxg4 Rxg4 29. Rxf8+ Kg7 30. Rf4 Rg5 31. Rc1 Rgh5 32. Rg4+ Kh8 33.
Kf1 Rh1+ 34. Ke2 Rxc1 35. Rxe4 Rxc5 36. a4 Ra5 37. f4 Kg7 38. g4 c5 39. Kf3
Rha6 40. Rc4 Rxa4 41. Rxc5 Re6 42. Rc3 Rae4 43. Rc7+ Re7 44. Rc3 h5 45. gxh5
Kh6 46. Rc6+ Kxh5 47. Rc5+ Kg6 48. Rc6+ Kf7 49. Rc3 R4e6 50. Rb3 Rh6 51. Kg3
Rc6 52. Kf3 Rc4 53. Ra3 Rec7 54. Rd3 Rc3 55. Rd4 Re7 56. Re4 Rxe4 57. Kxe4 Ke6
58. f5+ Kf6 59. Kd4 Ra3 60. e4 Ra5 0-1

[Event "Ì13Ï"]
[Site "Loo"]
[Date "2017.04.27"]
[Round "8.35"]
[White "Ëîáîâ, Àëåêñàíäð."]
[Black "Ãóõìàí, Ñåðãåé."]
[Result "1/2-1/2"]
[WhiteElo "1447"]
[BlackElo "1580"]
[PlyCount "80"]
[EventDate "2017.04.20"]

1. d4 d5 2. Bf4 Bf5 3. Nf3 Nf6 4. h3 e6 5. e3 Bd6 6. Bxd6 Qxd6 7. c3 O-O 8.
Nbd2 Nbd7 9. Be2 c5 10. O-O c4 11. Nh4 b5 12. f4 Be4 13. Nhf3 h6 14. Ne5 Rac8
15. g4 Bh7 16. Qe1 Ne4 17. Nxe4 Bxe4 18. Nxd7 Qxd7 19. Qh4 Qd8 20. Qxd8 Rfxd8
21. Rf2 f5 22. Bf3 Kf7 23. Bxe4 dxe4 24. a4 a6 25. axb5 axb5 26. Ra5 Rd5 27.
Rf1 Rc7 28. Rfa1 Rb7 29. Ra7 Rdd7 30. Rxb7 Rxb7 31. b4 cxb3 32. Rb1 Ke7 33.
Rxb3 Kd6 34. c4 b4 35. Kf2 g5 36. gxf5 exf5 37. fxg5 hxg5 38. Kg3 Ke6 39. h4
gxh4+ 40. Kxh4 Kf6 1/2-1/2

[Event "Ì13Ï"]
[Site "Loo"]
[Date "2017.04.27"]
[Round "8.36"]
[White "Áðàòîâ, Àäåìèð."]
[Black "Äåìåõèí, Ìàêñèì."]
[Result "1-0"]
[WhiteElo "1579"]
[BlackElo "1442"]
[PlyCount "83"]
[EventDate "2017.04.20"]

1. e4 c6 2. d4 d5 3. e5 Bf5 4. h4 h6 5. g4 Bh7 6. e6 fxe6 7. Bd3 Bxd3 8. Qxd3
Na6 9. Nf3 Nf6 10. Ne5 Qa5+ 11. Bd2 Qb6 12. O-O Ne4 13. f3 Nd6 14. Qg6+ Kd8 15.
Bc3 Nc7 16. Nd2 c5 17. Nb3 cxd4 18. Bxd4 Qb5 19. Bc5 Nce8 20. a4 Qa6 21. Qxe6
Nf6 22. Bxd6 exd6 23. Nf7+ Kc7 24. Nxh8 Qc4 25. Ng6 Re8 26. Qf7+ Kb8 27. Rfe1
Rc8 28. Nxf8 Qf4 29. Re2 Qxf3 30. Rg2 Qe3+ 31. Kh2 Qf4+ 32. Kh1 Qf3 33. Nd7+
Ka8 34. Nxf6 Qh3+ 35. Kg1 Qe3+ 36. Kh2 Qf4+ 37. Kh1 gxf6 38. Na5 Rb8 39. Qxd5
a6 40. Qc4 Qf3 41. Kh2 Qf4+ 42. Qxf4 1-0

[Event "Ì13Ï"]
[Site "Loo"]
[Date "2017.04.27"]
[Round "8.37"]
[White "Ïóãèí, Ñòåïàí."]
[Black "Êóøíàðåíêî, Åãîð."]
[Result "0-1"]
[WhiteElo "1425"]
[BlackElo "1572"]
[PlyCount "122"]
[EventDate "2017.04.20"]

1. e4 e5 2. Nf3 d6 3. d4 Nd7 4. c3 c6 5. Bd3 Be7 6. Be3 Ngf6 7. h3 O-O 8. Nbd2
Qc7 9. O-O b6 10. Re1 Bb7 11. Qc2 Rac8 12. Rac1 c5 13. d5 a6 14. Nh4 Rfe8 15.
Nf5 b5 16. Qd1 Nf8 17. Qf3 Rb8 18. Kh2 Bc8 19. g4 Ng6 20. Bg5 Nxd5 21. Bxe7
Ndxe7 22. Rg1 Nf4 23. c4 b4 24. g5 Bb7 25. Nxe7+ Qxe7 26. b3 Bc8 27. Bf1 Rf8
28. h4 f6 29. g6 Nxg6 30. h5 Nf4 31. h6 g5 32. Rg3 Qf7 33. Rd1 Be6 34. Nb1 Rbd8
35. Bg2 Qg6 36. Rd2 Qxh6+ 37. Kg1 Qg6 38. Rd5 Bxd5 39. cxd5 Nxd5 40. exd5 Qxb1+
41. Kh2 Qg6 42. Bh3 f5 43. Qg2 h6 44. Qf1 Ra8 45. Qd3 Kh7 46. f3 f4 47. Qxg6+
Kxg6 48. Rg2 a5 49. Bd7 Rfd8 50. Bc6 Rac8 51. Rd2 Rc7 52. Kg2 Rdc8 53. Bb5 Re7
54. Bd3+ Kf6 55. a4 Rec7 56. Bc4 h5 57. Kh3 Rg7 58. Rg2 g4+ 59. fxg4 hxg4+ 60.
Rxg4 Rh8+ 61. Rh4 Rg3+ 0-1

[Event "Ì13Ï"]
[Site "Loo"]
[Date "2017.04.27"]
[Round "8.38"]
[White "Äåíèñîâ, Ìèõàèë."]
[Black "Ëèòâèíîâ, Äìèòðèé."]
[Result "1-0"]
[WhiteElo "1423"]
[BlackElo "1548"]
[PlyCount "133"]
[EventDate "2017.04.20"]

1. e4 c5 2. Nf3 d6 3. d4 cxd4 4. Nxd4 Nf6 5. Nc3 a6 6. f3 e5 7. Nb3 Be6 8. Be3
Nbd7 9. Qd2 Qc7 10. O-O-O b5 11. Kb1 Be7 12. g4 Nb6 13. h4 Nc4 14. Bxc4 Qxc4
15. h5 Rc8 16. g5 Nd7 17. Nd5 Bxd5 18. exd5 f5 19. f4 O-O 20. Na5 Qc7 21. Nc6
Bd8 22. fxe5 Nxe5 23. Nxe5 dxe5 24. d6 Qc6 25. Qd5+ Kh8 26. Qxc6 Rxc6 27. Rd5
f4 28. Bc5 Bxg5 29. Rxe5 h6 30. d7 Rd8 31. Rd1 f3 32. Be7 Bxe7 33. Rxe7 Kh7 34.
Re8 Rcc8 35. Rxd8 Rxd8 36. b3 f2 37. Rf1 Rxd7 38. Rxf2 Rd5 39. Rh2 Kg8 40. Kb2
Kf7 41. Ka3 a5 42. c4 b4+ 43. Ka4 Rf5 44. a3 bxa3 45. Kxa3 Kf6 46. Ka4 Ke6 47.
Re2+ Kd6 48. Rd2+ Kc7 49. Rd5 Rf6 50. Rxa5 g6 51. hxg6 Rxg6 52. Rh5 Ra6+ 53.
Kb4 Rb6+ 54. Kc3 Rd6 55. b4 Kc6 56. b5+ Kc7 57. c5 Re6 58. Kd4 Rg6 59. Kd5 Kb7
60. Re5 Rg1 61. Re7+ Kc8 62. b6 h5 63. Rh7 Rg5+ 64. Kc6 Rg6+ 65. Kb5 Rg5 66.
b7+ Kb8 67. Kb6 1-0

[Event "Ì13Ï"]
[Site "Loo"]
[Date "2017.04.27"]
[Round "8.40"]
[White "Õàíæèí, Òèìóð."]
[Black "Þäèí, Äàíèë."]
[Result "1-0"]
[WhiteElo "1751"]
[BlackElo "1374"]
[PlyCount "100"]
[EventDate "2017.04.20"]

1. Nf3 d5 2. g3 e6 3. Bg2 c6 4. O-O Nf6 5. d3 Be7 6. Nbd2 Nbd7 7. c3 O-O 8. e4
dxe4 9. dxe4 e5 10. Qc2 Qc7 11. Nh4 Nb6 12. Nf5 Bxf5 13. exf5 Rad8 14. Ne4 Nxe4
15. Bxe4 h6 16. f4 Nd5 17. fxe5 Qxe5 18. Bd2 Bc5+ 19. Kh1 Be3 20. Rae1 Nb4 21.
cxb4 Rxd2 22. Qb1 Rxb2 23. Qd3 Bf2 24. Re2 Rxe2 25. Qxe2 Re8 26. Rxf2 Qxe4+ 27.
Qxe4 Rxe4 28. a3 Re3 29. Ra2 Rf3 30. Kg2 Rxf5 31. Re2 Kf8 32. g4 Rf6 33. Rd2
Ke7 34. Rd3 Rd6 35. Re3+ Kd7 36. h3 Re6 37. Rf3 Re7 38. Rd3+ Kc7 39. Kf3 Kb6
40. Rc3 a5 41. Rc5 axb4 42. axb4 Re1 43. Rc4 Kb5 44. Rd4 Re7 45. Kf2 c5 46.
bxc5 Kxc5 47. Rd8 b5 48. Rc8+ Kb4 49. Rg8 Ka3 50. Rxg7 b4 {
äàëåå çàïèñü íåðàçáîð~~èâà} 1-0

[Event "Ì13Ï"]
[Site "Loo"]
[Date "2017.04.27"]
[Round "8.41"]
[White "×óêëèí, Èâàí."]
[Black "Òîðîïîâ, Ëåâ."]
[Result "1-0"]
[WhiteElo "1791"]
[BlackElo "1460"]
[PlyCount "55"]
[EventDate "2017.04.20"]

1. e4 c5 2. Nf3 e6 3. d4 cxd4 4. Nxd4 Nf6 5. Nc3 Bb4 6. Bd3 Nc6 7. Nxc6 bxc6 8.
O-O O-O 9. e5 Bxc3 10. bxc3 Nd5 11. Ba3 Re8 12. c4 Nb6 13. Qh5 g6 14. Qh6 Ba6
15. Rfe1 f5 16. Re3 Bxc4 17. Rh3 Re7 18. Bxe7 Qxe7 19. Bxc4 Nxc4 20. Qf4 Nb6
21. Qd4 Rd8 22. Rd3 Kg7 23. c4 Rb8 24. Rb1 Qf8 25. a4 c5 26. Qb2 Rd8 27. Qb5 d6
28. a5 1-0

[Event "Ì13Ï"]
[Site "Loo"]
[Date "2017.04.27"]
[Round "8.42"]
[White "Èîíî÷êèí, Ìàêñèì."]
[Black "Ãóñåâ, Àëåêñàíäð."]
[Result "1-0"]
[WhiteElo "1745"]
[BlackElo "1482"]
[PlyCount "61"]
[EventDate "2017.04.20"]

1. d4 f5 2. c4 Nf6 3. Nc3 e6 4. Nf3 c6 5. Bf4 d5 6. e3 Nbd7 7. Bd3 Nh5 8. Qe2
Nxf4 9. exf4 Nf6 10. Bxf5 Qd6 11. c5 Qxf4 12. Bxe6 Ne4 13. Bxd5 cxd5 14. Nxd5
Qf5 15. Nc3 Be7 16. Nxe4 O-O 17. Ng3 Qf7 18. Ne5 Qd5 19. Qc4 Qxc4 20. Nxc4 Be6
21. Ne3 Rad8 22. Rd1 Bxa2 23. O-O Bb3 24. Rd3 Bf7 25. b4 Bg6 26. Rd2 Rd7 27. f4
Rfd8 28. Ngf5 Bf6 29. Nd6 Be7 30. Nec4 Be8 31. d5 1-0

[Event "Ì13Ï"]
[Site "Loo"]
[Date "2017.04.27"]
[Round "8.43"]
[White "Íåëîâêî, Íèêèòà."]
[Black "Ðûáèí, Ýäóàðä."]
[Result "1/2-1/2"]
[WhiteElo "1618"]
[BlackElo "1422"]
[PlyCount "52"]
[EventDate "2017.04.20"]

1. d4 d5 2. Bf4 e6 3. Nf3 Nf6 4. Nbd2 c5 5. e3 Bd6 6. Ne5 Nc6 7. Ndf3 Qc7 8. c3
a6 9. Bd3 c4 10. Bc2 Nd7 11. Nxc6 Bxf4 12. exf4 bxc6 13. g3 h6 14. Qe2 O-O 15.
O-O Rb8 16. Rab1 a5 17. Ne5 c5 18. Rfd1 cxd4 19. Rxd4 Ba6 20. h4 Bb5 21. Qh5
Nf6 22. Qf3 Nd7 23. Qh5 Nf6 24. Qf3 Nd7 25. Qh5 Nf6 26. Qf3 Nd7 1/2-1/2

[Event "Ì13Ï"]
[Site "Loo"]
[Date "2017.04.27"]
[Round "8.44"]
[White "Åâñòàôüåâ, Ãåîðãèé."]
[Black "Ìîíãóø, Êåæèê."]
[Result "0-1"]
[WhiteElo "1427"]
[BlackElo "1594"]
[PlyCount "64"]
[EventDate "2017.04.20"]

1. e4 c5 2. Nf3 Nc6 3. d4 cxd4 4. Nxd4 g6 5. Nc3 Bg7 6. Be3 Nf6 7. Bc4 Qa5 8.
O-O O-O 9. Bb3 d6 10. f4 Ng4 11. Nxc6 bxc6 12. Qd2 c5 13. Nd5 Qd8 14. Rab1 e6
15. Nc3 Nxe3 16. Qxe3 Bd4 17. Qxd4 cxd4 18. Nd1 Ba6 19. Rf3 Be2 20. Rf2 Bxd1
21. Rxd1 Qb6 22. Rfd2 e5 23. Kh1 Kh8 24. g4 f5 25. exf5 gxf5 26. g5 Rae8 27.
Rg2 exf4 28. g6 hxg6 29. Rxg6 Qc6+ 30. Kg1 Re2 31. Rd3 Re3 32. Rxd4 Qf3 0-1

[Event "Ì13Ï"]
[Site "Loo"]
[Date "2017.04.27"]
[Round "8.45"]
[White "Çóðàáÿí, Âàãå."]
[Black "Øòóðìèí, Åãîð."]
[Result "1-0"]
[WhiteElo "1591"]
[BlackElo "1419"]
[PlyCount "97"]
[EventDate "2017.04.20"]

1. c4 e5 2. g3 Nf6 3. Bg2 Nc6 4. Nc3 g6 5. Nf3 Bg7 6. O-O O-O 7. e3 d6 8. d4
exd4 9. exd4 d5 10. Ne5 Nxe5 11. dxe5 Nd7 12. e6 fxe6 13. cxd5 exd5 14. Bxd5+
Kh8 15. Bf4 c6 16. Bg2 Nb6 17. Qc1 Bf5 18. Rd1 Qf6 19. Bg5 Qf7 20. Be3 Rfd8 21.
Rxd8+ Rxd8 22. Ne4 Nc4 23. Bg5 Re8 24. Nc3 Ne5 25. Qd2 Nc4 26. Qc1 Ne5 27. Qd2
Nc4 28. Qc1 Ne5 29. Be3 a6 30. Bf1 Nd3 31. Qd2 Ne5 32. Qc1 Nd3 33. Qd2 Ne5 34.
Qe2 Bg4 35. Qc2 Bf5 36. Qd1 Bg4 37. Be2 Bxe2 38. Qxe2 Nf3+ 39. Kg2 Nd4 40. Qd2
Nf5 41. Bf4 Qe7 42. Rd1 Bf6 43. Qd7 Rd8 44. Qxe7 Bxe7 45. Re1 Rd7 46. g4 Nd4
47. Be5+ Kg8 48. Bxd4 Rxd4 49. Rxe7 1-0

[Event "Ì13Ï"]
[Site "Loo"]
[Date "2017.04.27"]
[Round "8.46"]
[White "Øèëÿåâ, Ìàðê."]
[Black "Ðåâà, Ëåâ."]
[Result "1/2-1/2"]
[WhiteElo "1469"]
[BlackElo "1558"]
[PlyCount "81"]
[EventDate "2017.04.20"]

1. e4 c5 2. Nf3 Nc6 3. d4 cxd4 4. Nxd4 g6 5. Nc3 Bg7 6. Be3 d6 7. Qd2 Nf6 8. f3
Bd7 9. O-O-O Ne5 10. Bh6 O-O 11. Bxg7 Kxg7 12. f4 Nc6 13. h3 Qb6 14. Nxc6 Bxc6
15. Re1 Rfd8 16. g4 e6 17. Bg2 d5 18. e5 Ne8 19. f5 Qb4 20. fxe6 fxe6 21. Rhf1
Rac8 22. Qf2 Rc7 23. a3 Qe7 24. Rd1 b6 25. Kb1 Rcd7 26. h4 Nc7 27. Qg3 Rg8 28.
g5 Rdd8 29. Qg4 Rdf8 30. Rf6 Qd8 31. h5 Rxf6 32. exf6+ Kf7 33. hxg6+ hxg6 34.
Rh1 Rh8 35. Rxh8 Qxh8 36. Qh3 Qxh3 37. Bxh3 d4 38. Ne2 e5 39. Kc1 Bf3 40. Kd2
Nd5 41. Ng1 1/2-1/2

[Event "Ì13Ï"]
[Site "Loo"]
[Date "2017.04.27"]
[Round "8.47"]
[White "Ñåðîâ, Àëåêñàíäð."]
[Black "Òàòàðöåâ, Àëåêñàíäð."]
[Result "0-1"]
[WhiteElo "1539"]
[BlackElo "1346"]
[PlyCount "92"]
[EventDate "2017.04.20"]

1. d4 Nf6 2. c4 g6 3. Nc3 Bg7 4. e4 d6 5. f3 O-O 6. Be3 Nbd7 7. Nge2 h6 8. Qd2
Kh7 9. g4 c5 10. Ng3 cxd4 11. Bxd4 Nb6 12. h4 Nfd7 13. h5 g5 14. Bxg7 Kxg7 15.
Be2 Ne5 16. b3 a5 17. Rd1 Bd7 18. f4 gxf4 19. Qxf4 f6 20. Nf5+ Bxf5 21. gxf5
Kh7 22. c5 Nc8 23. cxd6 Nxd6 24. Nd5 Rg8 25. Qe3 Rc8 26. Nf4 Qc7 27. Ng6 Nef7
28. Bc4 Nxc4 29. bxc4 Qxc4 30. Kf2 Qxa2+ 31. Rd2 Rc2 32. Rhd1 Rd8 33. Ke1 Rdxd2
34. Rxd2 Rxd2 35. Qxd2 Qb1+ 36. Kf2 Qb6+ 37. Kf1 Qb5+ 38. Ke1 Ne5 39. Qa2 Qb4+
40. Kf2 Nc4 41. Kf1 a4 42. Nf8+ Kg7 43. Ne6+ Kf7 44. Nd4 Ke8 45. Qh2 Ne3+ 46.
Kg1 Qe1# 0-1

[Event "Ì13Ï"]
[Site "Loo"]
[Date "2017.04.27"]
[Round "8.48"]
[White "Äàíèëèí, Åãîð."]
[Black "Áåëîâ, Äàíèëà."]
[Result "0-1"]
[WhiteElo "1309"]
[BlackElo "1518"]
[PlyCount "56"]
[EventDate "2017.04.20"]

1. e4 c5 2. Nf3 e6 3. d4 cxd4 4. Nxd4 Nf6 5. Nc3 d6 6. Be2 a6 7. Be3 b5 8. b4
Bb7 9. O-O Nxe4 10. Nxe4 Bxe4 11. a4 bxa4 12. Rxa4 Be7 13. Bb5+ axb5 14. Rxa8
Bxa8 15. Nxb5 O-O 16. Bf4 d5 17. Qa1 Nc6 18. c3 Bb7 19. Qb1 Ba6 20. Qd3 Qb6 21.
c4 dxc4 22. Qc3 Bxb4 23. Qc2 Bxb5 24. Be3 Bc5 25. Bxc5 Qxc5 26. Rb1 Nd4 27. Qb2
c3 28. Qa2 c2 0-1

[Event "Ì13Ï"]
[Site "Loo"]
[Date "2017.04.27"]
[Round "8.49"]
[White "Ðîäèí, Àëåêñàíäð."]
[Black "Äèêóíîâ, Àðòåì."]
[Result "1-0"]
[WhiteElo "1207"]
[BlackElo "1518"]
[PlyCount "59"]
[EventDate "2017.04.20"]

1. e4 c5 2. Nc3 Nc6 3. Bb5 e6 4. Bxc6 bxc6 5. d3 d5 6. e5 Ne7 7. f4 Ng6 8. Nf3
Nh4 9. O-O Nf5 10. Ng5 h6 11. Qh5 g6 12. Qh3 Bg7 13. Nf3 Qb6 14. Kh1 a5 15. Nh4
Nd4 16. Rf2 g5 17. Qg4 Rg8 18. fxg5 Bxe5 19. Qh5 Qc7 20. gxh6 Bxh2 21. h7 Rh8
22. Ng6 Nf5 23. Rxf5 exf5 24. Nxh8 Be5 25. Nxf7 Qxf7 26. h8=Q+ Bxh8 27. Qxh8+
Kd7 28. Bf4 Bb7 29. Qe5 Kc8 30. Na4 1-0

[Event "Ì13Ï"]
[Site "Loo"]
[Date "2017.04.27"]
[Round "8.50"]
[White "Âàðçèåâ, Êîíñòàíòèí."]
[Black "Íàäâèäîâ, Àðñëàí."]
[Result "0-1"]
[WhiteElo "1175"]
[BlackElo "1512"]
[PlyCount "84"]
[EventDate "2017.04.20"]

1. e4 e5 2. Nf3 Nf6 3. Nxe5 d6 4. Nf3 Nxe4 5. d4 Bg4 6. h3 Bh5 7. Be2 Be7 8.
O-O O-O 9. Nbd2 Nxd2 10. Bxd2 Nd7 11. c4 Nf6 12. Qc2 c6 13. Rfe1 Re8 14. Bc3 d5
15. c5 Ne4 16. Nd2 Bxe2 17. Rxe2 Nxc3 18. Qxc3 Bf6 19. Rae1 Qd7 20. Nf3 Rxe2
21. Rxe2 Re8 22. Qe1 Rxe2 23. Qxe2 Qe6 24. Kf1 h6 25. Qxe6 fxe6 26. Ke2 Kf7 27.
Ke3 g5 28. Nd2 e5 29. Nb3 exd4+ 30. Kd3 b6 31. a4 Ke6 32. g4 bxc5 33. Nxc5+ Kd6
34. Nb3 c5 35. Kd2 c4 36. Na5 Bd8 37. Nb7+ Kc7 38. Nc5 Bf6 39. Na6+ Kd6 40. Nb4
Bd8 41. Nc2 Ba5+ 42. Kd1 Ke5 0-1

[Event "Ì13Ï"]
[Site "Loo"]
[Date "2017.04.27"]
[Round "8.51"]
[White "Êîíüêîâ, Ìèõàèë."]
[Black "Æåðäåâ, Ñâÿòîñëàâ."]
[Result "0-1"]
[WhiteElo "1497"]
[BlackElo "1293"]
[PlyCount "94"]
[EventDate "2017.04.20"]

1. d4 Nf6 2. c4 d6 3. Nc3 Nbd7 4. e4 e5 5. d5 Be7 6. f3 O-O 7. Be3 Ne8 8. Qd2
a5 9. Bd3 Nc5 10. Bc2 h6 11. O-O-O Bg5 12. Kb1 Bxe3 13. Qxe3 Qg5 14. Qf2 f5 15.
h4 Qg6 16. Qe2 Nf6 17. Nh3 fxe4 18. h5 Nxh5 19. Nxe4 Nxe4 20. Bxe4 Bf5 21. Qc2
Bxe4 22. fxe4 Nf4 23. Nxf4 Rxf4 24. Rde1 Raf8 25. Re2 Rf1+ 26. Re1 Rxh1 27.
Rxh1 Qg3 28. Rc1 Rf2 29. Qb3 Qxb3 30. axb3 Rxg2 31. Rf1 Re2 32. Rc1 Rxe4 33. c5
Rb4 34. Ka2 e4 35. cxd6 cxd6 36. Rc8+ Kf7 37. Rc7+ Kf6 38. Rd7 Rb6 39. Rc7 h5
40. Rc4 Ke5 41. Rc7 Kxd5 42. Rxg7 e3 43. Rg5+ Kd4 44. Rxh5 d5 45. Kb1 Re6 46.
Rh1 e2 47. Kc2 e1=Q 0-1

[Event "Ì13Ï"]
[Site "Loo"]
[Date "2017.04.27"]
[Round "8.53"]
[White "Ðîãèíñêèé, Ðîäèîí."]
[Black "Èîíà, Àëåêñàíäð."]
[Result "0-1"]
[WhiteElo "1485"]
[BlackElo "1277"]
[PlyCount "40"]
[EventDate "2017.04.20"]

1. e4 d5 2. exd5 Qxd5 3. Nc3 Qa5 4. d4 Nf6 5. Bd2 Nc6 6. Nf3 Bg4 7. Ne4 Qb6 8.
Nxf6+ gxf6 9. Bc3 O-O-O 10. Qd2 Bxf3 11. gxf3 Nxd4 12. Bxd4 Rxd4 13. Qc3 e6 14.
Bd3 Bb4 15. Qxb4 Qxb4+ 16. c3 Qxb2 17. Rb1 Qxc3+ 18. Kf1 Qxd3+ 19. Kg2 Rg8+ 20.
Kh3 Qxf3# 0-1

[Event "Ì13Ï"]
[Site "Loo"]
[Date "2017.04.27"]
[Round "8.54"]
[White "Êàðàïåòÿí, Âàãðàì."]
[Black "Àçèìîâ, Òèìóð."]
[Result "1/2-1/2"]
[WhiteElo "1589"]
[BlackElo "1281"]
[PlyCount "62"]
[EventDate "2017.04.20"]

1. e4 c5 2. Nf3 d6 3. d4 cxd4 4. Qxd4 Nc6 5. Bb5 Bd7 6. Bxc6 Bxc6 7. Nc3 Nf6 8.
Bg5 e6 9. O-O-O Be7 10. Rhe1 h6 11. Bh4 Qc7 12. Kb1 a6 13. Qd3 O-O 14. h3 b5
15. Bxf6 Bxf6 16. Nd4 b4 17. Nce2 Rfc8 18. Nxc6 Qxc6 19. f3 a5 20. Rc1 a4 21.
g4 Qb6 22. f4 a3 23. b3 Bb2 24. Rcd1 Ra7 25. Qxd6 Qa5 26. Ng1 Rac7 27. Rd2 Rc6
28. Qd7 R6c7 29. Qd6 Rc6 30. Qd7 R6c7 31. Qd6 Rc6 1/2-1/2

[Event "Ì13Ï"]
[Site "Loo"]
[Date "2017.04.27"]
[Round "8.55"]
[White "Æèðÿêîâ, Ñòàíèñëàâ."]
[Black "Èøóòêèí, Âëàäèñëàâ."]
[Result "1-0"]
[WhiteElo "1639"]
[BlackElo "1307"]
[PlyCount "75"]
[EventDate "2017.04.20"]

1. d4 d5 2. c4 c6 3. Nf3 Nf6 4. Nc3 e6 5. e3 Nbd7 6. Qc2 Be7 7. Bd3 O-O 8. O-O
b6 9. cxd5 cxd5 10. Ne5 Kh8 11. a4 Bb7 12. Bd2 Bd6 13. f4 Rc8 14. Rac1 Bb4 15.
Qb1 Qe7 16. Rfd1 a6 17. Be1 Nxe5 18. fxe5 Nd7 19. Bxh7 g6 20. Bxg6 fxg6 21.
Qxg6 Rf7 22. Bh4 Qe8 23. Qd3 Rh7 24. Bg3 Qh5 25. Rf1 Rg8 26. Ne2 Rxg3 27. hxg3
Nxe5 28. dxe5 d4 29. Nf4 Qh2+ 30. Kf2 dxe3+ 31. Qxe3 Kg8 32. Qxb6 Rg7 33. Qd8+
Bf8 34. Qh4 Qxh4 35. gxh4 Rd7 36. g3 Bg7 37. Rfe1 Bh6 38. Ke3 {
äàëåå çàïèñü íåðàçáîð~~èâà} 1-0

[Event "Ì13Ï"]
[Site "Loo"]
[Date "2017.04.27"]
[Round "8.56"]
[White "Ñàíêóëîâ, Èëüÿ."]
[Black "Øåìàõàíîâ, Äàíèëà."]
[Result "0-1"]
[WhiteElo "1225"]
[BlackElo "1522"]
[PlyCount "120"]
[EventDate "2017.04.20"]

1. e4 e6 2. d4 d5 3. exd5 exd5 4. Nf3 Bd6 5. Nc3 c6 6. Bd3 Bg4 7. O-O Qc7 8. h3
Bh5 9. Be2 Nd7 10. Re1 O-O-O 11. Ng5 Bg6 12. Bd3 Ndf6 13. Bxg6 hxg6 14. Rb1 Nh6
15. Be3 Bh2+ 16. Kh1 Bf4 17. Kg1 Bxe3 18. Rxe3 Qf4 19. Nf3 Nf5 20. Re1 Nd7 21.
Ne2 Qd6 22. b3 f6 23. c4 Nh4 24. Nxh4 Rxh4 25. c5 Qc7 26. b4 g5 27. Qb3 a6 28.
a4 Nf8 29. b5 a5 30. b6 Qb8 31. Qc3 g4 32. hxg4 Qh2+ 33. Kf1 Nd7 34. Qxa5 Rdh8
35. Qc3 Qh1+ 36. Ng1 Qxg1+ 37. Ke2 Qxg2 38. Kd2 Qxf2+ 39. Re2 Qf4+ 40. Kc2 Rh2
41. Rbe1 Qe4+ 42. Qd3 Rxe2+ 43. Rxe2 Qxd3+ 44. Kxd3 Kd8 45. Kc3 Rh3+ 46. Kd2
Rg3 47. Re3 Rxe3 48. Kxe3 Ke7 49. Kf4 Kf7 50. g5 Kg6 51. gxf6 gxf6 52. Kg4 f5+
53. Kf4 Kf6 54. Kf3 Kg5 55. Kg3 f4+ 56. Kf3 Kf5 57. Kf2 Ke4 58. Ke2 f3+ 59. Kf2
Kf4 60. Kf1 Ke3 0-1

[Event "Ì13Ï"]
[Site "Loo"]
[Date "2017.04.27"]
[Round "8.57"]
[White "Òóêàåâ, Òèìóð."]
[Black "Íèêîëàåâ, Àíäðåé."]
[Result "1-0"]
[WhiteElo "1300"]
[BlackElo "1406"]
[PlyCount "43"]
[EventDate "2017.04.20"]

1. e4 c5 2. Nf3 Nc6 3. Bb5 Qc7 4. O-O d6 5. Re1 Bd7 6. c3 a6 7. Bxc6 Bxc6 8. d4
cxd4 9. cxd4 d5 10. exd5 Bxd5 11. Nc3 Bxf3 12. Qxf3 g6 13. Bf4 Qd7 14. d5 Bg7
15. d6 e6 16. Nd5 Rb8 17. Nb6 Qd8 18. d7+ Ke7 19. Qa3+ Kf6 20. Be5+ Kf5 21.
Qf3+ Kg5 22. Qf4+ 1-0

[Event "Ì13Ï"]
[Site "Loo"]
[Date "2017.04.27"]
[Round "8.58"]
[White "Êîíîòîï, Òèìîôåé."]
[Black "Äàâèäÿí, Âëàäèìèð."]
[Result "1/2-1/2"]
[WhiteElo "1397"]
[BlackElo "1252"]
[PlyCount "74"]
[EventDate "2017.04.20"]

1. e4 e5 2. Nf3 Nc6 3. Bc4 Nf6 4. d4 exd4 5. O-O Nxe4 6. Re1 d5 7. Bxd5 Qxd5 8.
Nc3 Qa5 9. Nxe4 Be6 10. Neg5 O-O-O 11. Nxe6 fxe6 12. Rxe6 Qd5 13. Re1 h6 14.
Bf4 Bc5 15. Qd3 Rhf8 16. Bg3 Nb4 17. Qg6 Qf7 18. Qxf7 Rxf7 19. Re2 d3 20. cxd3
Nxd3 21. Rd1 Rfd7 22. Rdd2 Nb4 23. Rxd7 Rxd7 24. Re8+ Rd8 25. Rxd8+ Kxd8 26. a3
Nd3 27. b4 Bd6 28. Bxd6 cxd6 29. Nd4 g6 30. Nb5 Kd7 31. Nxa7 Ne1 32. Kf1 Nc2
33. Nb5 Kc6 34. Na7+ Kd7 35. Nb5 Kc6 36. Na7+ Kd7 37. Nb5 Kc6 1/2-1/2